| 000 | 01204cam a22001934a 4500 | ||
|---|---|---|---|
| 005 | 20250605163929.0 | ||
| 008 | 250528s ||||||||||||||||||||||||d | ||
| 035 | _a14613 | ||
| 020 | _a865970645 | ||
| 040 |
_aGR-AtMCL _bgre _dGR-AtMCL _eAACR2 |
||
| 245 | 1 | _aENVY / A Theory of Social Behaviour | |
| 260 |
_bLiberty Fund, _c1981 |
||
| 300 | _a454 | ||
| 520 | _aMan and the Envier, Envy in Language, The Envious Man and His Culture, Envy and Black Magic, The Envy-Barrier of the Developing Countries, The Psychology of Envy, Envy as Seen by the Social Sciences, Crimes of Envy, The Envy of the Gods and the Concept of Fate, The Envious Man in Fiction, Envy as the Subject of Philosophy, Politics and the Appeasement of Envy, In Praise of Poverty: From Sumptuary Laws to Contempt for the Affluent Society, The Sense of Justice and the Idea of Equality, The Guilt of Being Unequal, The Eminent in the Society of Equals, The Society Redeemed from Envy - A Utopia, Social Indignation, Envy as Tax Collector, Social Revolutions, A Theory of Envy in Human Existence, A Selected Bibliography, Name and Subject Index. | ||
| 700 | 1 |
_aSchoeck Helmut _9340 |
|
| 942 | _cBK | ||
| 999 |
_c237 _d237 |
||